000 01098nas a2200349 4500
001 BR2012004555
003 BR-BrBNA
005 20231205120744.0
007 ta
008 230509b bl.|||p| |||| 00| 00por d
040 _aBR-BrBNA
_bpor
_cBiblioteca Nacional de Agricultura
041 _a(En)
072 _aH20
100 1 _aVieira, R.F.
100 1 _aPaula Júnior, T.J.
100 1 _aCarneiro, J.E.S.
100 1 _aTeixeira, H.
100 1 _aQueiroz, T.F.N.
245 1 _aManagement of white mold in type III common bean with plant spacing and fungicide
246 1 _aManagement of white mold in type III common bean with plant spacing and fungicide
650 _aFEIJÃO
650 _aPHASEOLUS VULGARIS
650 _aMOFO BRANCO
650 _aDOENÇA FÚNGICA
650 _aFUNGO
650 _aSCLEROTINIA SCLEROTIORUM
650 _aESPAÇAMENTO
650 _aCONTROLE INTEGRADO
773 0 _tTropical Plant Pathology (Brazil)
_xISSN 1982-5676
_g(Mar-Apr 2012), v. 37(2) p. 95-101
_wBR2012004555
909 _a202311
_bLúcia
_c55
_dLúcia Elande
942 _2AGRIS
_n0
_cANA
999 _c220143
_d220143